| 000 | 00540nam a2200145Ia 4500 | ||
|---|---|---|---|
| 008 | 231129s2007||||xx |||||||||||||| ||spa|| | ||
| 020 | _a978-958-98220-0-5 (o | ||
| 040 | _bspa | ||
| 082 | _a613 C718g | ||
| 100 | _aColombia. Ministerio de la protección social. | ||
| 245 | 0 | _aPrograma de apoyo a la reforma de la salud. Guías de promoción de la salud y prevención de enfermedades en la salud pública | |
| 260 | _c2007 | ||
| 264 | _aEl Ministerio ; Universidad naciona de Colombia | ||
| 942 |
_2ddc _cBKS |
||
| 999 |
_c23330 _d23330 |
||